| 000 | 01121nam a2200325 a 4500 | ||
|---|---|---|---|
| 001 | 000114142 | ||
| 003 | CHAP | ||
| 005 | 20220329144428.0 | ||
| 008 | 171107s2017 mx sm |||||||spa d | ||
| 010 | _a110603 | ||
| 011 | _a111575 | ||
| 040 | _cCHAP | ||
| 090 | _aTesis | ||
| 100 | 1 |
_aFlores Sánchez, Jorge _9134027 |
|
| 245 | 1 | 0 |
_aEvaluación de la poda de la higuera (Ficus carica L.) en Atotonilco, Morelos _h[En línea] _cpor Jorge Sánchez Flores. |
| 260 |
_aChapingo, Méx. : _bEl autor, _c2017. |
||
| 500 | _aPara ver el contenido del material haga clic en la liga | ||
| 502 | _aTesis (Ing. Agr. Esp. en Fitotecnia) -- UACH. Departamento de Fitotecnia | ||
| 590 |
_aE6339RRR _b05 _c20171107 _lUCH01 _h1328 |
||
| 590 |
_aE6339RRR _b05 _c20171107 _lUCH01 _h1329 |
||
| 590 |
_aE6339RRR _b05 _c20171107 _lUCH01 _h1330 |
||
| 650 | 1 | 4 |
_aHigo _xExportación. _9130275 |
| 650 | 1 | 4 |
_aHigo _xMercadeo. _9128335 |
| 650 | 1 | 4 |
_aHigo _xPoda. _9134026 |
| 650 | 1 | 4 |
_aHigo _xRendimiento. _9130276 |
| 856 |
_aFinding aid _uhttp://10.13.5.2/tesis/sist114142.pdf _zTeclea aquí |
||
| 901 | _aBK | ||
| 942 | _cTESIS | ||
| 942 | _n0 | ||
| 999 |
_c110603 _d110603 |
||